| 000 | 01529nam a2200361Ia 4500 | ||
|---|---|---|---|
| 001 | ebr10631307 | ||
| 003 | CaPaEBR | ||
| 006 | m u | ||
| 007 | cr cn||||||||| | ||
| 008 | 120328s2013 njua sb 001 0 eng d | ||
| 010 | _z 2012013020 | ||
| 020 | _z9780470901816 (hardback) | ||
| 020 | _z9781118431405 (ebook) | ||
| 040 |
_aCaPaEBR _cCaPaEBR |
||
| 035 | _a(OCoLC)820719469 | ||
| 050 | 1 | 4 |
_aTK7876 _b.R65 2013eb |
| 100 | 1 | _aRohde, Ulrich L. | |
| 245 | 1 | 0 |
_aRF/microwave circuit design for wireless applications _h[electronic resource] / _cUlrich L. Rohde, Matthias Rudolph. |
| 250 | _a2nd ed. | ||
| 260 |
_aHoboken, N.J. : _bWiley, _c2013. |
||
| 300 |
_axix, 893 p. : _bill. |
||
| 504 | _aIncludes bibliographical references and index. | ||
| 533 |
_aElectronic reproduction. _bPalo Alto, Calif. : _cebrary, _d2013. _nAvailable via World Wide Web. _nAccess may be limited to ebrary affiliated libraries. |
||
| 650 | 0 |
_aMicrowave circuits _xDesign and construction. |
|
| 650 | 0 |
_aMicrowave integrated circuits _xComputer-aided design. |
|
| 650 | 0 |
_aRadio frequency integrated circuits _xDesign and construction. |
|
| 650 | 0 |
_aSemiconductors _xComputer-aided design. |
|
| 650 | 0 |
_aWireless communication systems _xEquipment and supplies _xDesign and construction. |
|
| 655 | 7 |
_aElectronic books. _2local |
|
| 700 | 1 |
_aRudolph, Matthias, _d1969- |
|
| 710 | 2 | _aebrary, Inc. | |
| 856 | 4 | 0 |
_uhttp://site.ebrary.com/lib/rucke/Doc?id=10631307 _zAn electronic book accessible through the World Wide Web; click to view |
| 999 |
_c52197 _d52197 |
||